[Event "Budapest Spring op 21st"]
[Site "Budapest"]
[Date "2005.03.22"]
[Round "5"]
[White "Francsics, Endre"]
[Black "Sirokmany, Gabor"]
[Result "1-0"]
[WhiteElo "2223"]
[BlackElo "2159"]
[PlyCount "69"]
[EventDate "2005.03.18"]
[EventType "swiss"]
[EventRounds "9"]
[EventCountry "HUN"]
[SourceTitle "CBM 105 Extra"]
[Source "ChessBase"]
[SourceDate "2005.05.01"]
[SourceVersion "1"]
[SourceVersionDate "2005.05.01"]
[SourceQuality "1"]

1. d3 e6 2. g3 c5 3. Bg2 d5 4. Nf3 Nc6 5. Nbd2 Nf6 6. e4 Be7 7. 0-0 0-0 8. Re1 b5 9. e5 Nd7 10. Nf1 a5 11. h4 b4 12. N1h2 a4 13. Bf4 Ra7 14. Bh3 Qe8 15. Qd2 c4 16. Ng4 c3 17. bxc3 bxc3 18. Qxc3 Rc7 19. Reb1 Ba6 20. Qd2 Rc8 21. h5 f5 22. exf6 Bxf6 23. Nxf6+ Rxf6 24. h6 Qh5 25. Kg2 Rcf8 26. Rh1 Qg6 27. Nh4 Qh5 28. hxg7 Kxg7 29. Qe3 Bb7 30. Bxe6 d4 31. Nf5+ Rxf5 32. Rxh5 Rxh5 33. Qd2 Nc5 34. Bg4 Nb4+ 35. f3 1-0

[Event "HUN-chT2 Erkel 0304"]
[Site "Hungary"]
[Date "2004.04.04"]
[Round "10"]
[White "Sirokmany, Gabor"]
[Black "Ivanics, Frigyes"]
[Result "1-0"]
[WhiteElo "2126"]
[BlackElo "2172"]
[PlyCount "93"]
[EventDate "2003.09.28"]
[EventType "team"]
[EventRounds "11"]
[EventCountry "HUN"]
[SourceTitle "EXT 2009"]
[Source "ChessBase"]
[SourceDate "2008.11.26"]
[SourceVersion "1"]
[SourceVersionDate "2008.11.26"]
[SourceQuality "1"]
[WhiteTeam "Dunaharaszti II"]
[BlackTeam "Penzugyor II"]
[WhiteTeamCountry "HUN"]
[BlackTeamCountry "HUN"]

1. e4 e5 2. Nf3 Nc6 3. Bb5 a6 4. Ba4 Nf6 5. 0-0 Be7 6. Re1 b5 7. Bb3 0-0 8. a4 b4 9. d4 d6 10. c3 Rb8 11. Nbd2 Bg4 12. h3 Bh5 13. d5 Na5 14. Bc2 c5 15. c4 Nb7 16. b3 Qd7 17. Nf1 Nxe4 18. Bxe4 f5 19. Nxe5 dxe5 20. Qxh5 fxe4 21. Ng3 Nd6 22. Nxe4 Rf5 23. Qg4 Nxe4 24. Qxe4 Rbf8 25. Ra2 Bd6 26. Rae2 Qf7 27. f3 h6 28. Qd3 Qg6 29. Qe4 Qf7 30. Rf1 Rf6 31. Qd3 Kh8 32. Re4 Qg6 33. Qe2 Qf7 34. Bb2 Rf4 35. Bxe5 Rxe4 36. Qxe4 Re8 37. f4 Qh5 38. Re1 Kg8 39. Qe3 Qf5 40. Qg3 Bf8 41. Qf3 Bd6 42. Qg4 Qxg4 43. hxg4 g5 44. Kf2 Bf8 45. fxg5 hxg5 46. Bf6 Rxe1 47. Kxe1 1-0

[Event "HUN-chT2 Erkel 0304"]
[Site "Hungary"]
[Date "2003.09.28"]
[Round "1"]
[White "Varga, Laszlo"]
[Black "Sirokmany, Gabor"]
[Result "1/2-1/2"]
[WhiteElo "2224"]
[BlackElo "2126"]
[PlyCount "128"]
[EventDate "2003.09.28"]
[EventType "team"]
[EventRounds "11"]
[EventCountry "HUN"]
[SourceTitle "EXT 2009"]
[Source "ChessBase"]
[SourceDate "2008.11.26"]
[SourceVersion "1"]
[SourceVersionDate "2008.11.26"]
[SourceQuality "1"]
[WhiteTeam "Ujszasz"]
[BlackTeam "Dunaharaszti II"]
[WhiteTeamCountry "HUN"]
[BlackTeamCountry "HUN"]

1. d4 Nf6 2. Nf3 c5 3. e3 d5 4. Bd3 Nc6 5. c3 Bg4 6. Nbd2 e6 7. 0-0 Be7 8. Qa4 0-0 9. Ne5 Qc7 10. f4 Bf5 11. Bxf5 exf5 12. Ndf3 Ne4 13. Rd1 c4 14. Bd2 Rab8 15. Qc2 f6 16. Nxc6 Qxc6 17. Be1 Rfe8 18. h3 g5 19. g3 Bd8 20. b4 Bc7 21. a4 Re6 22. Nd2 Qe8 23. Nf1 Qh5 24. Qg2 Kh8 25. g4 Qg6 26. fxg5 Qxg5 27. Ra2 Rg8 28. Qh1 fxg4 29. Rg2 gxh3 30. Qxh3 Qxg2+ 31. Qxg2 Rxg2+ 32. Kxg2 Kg7 33. Rc1 Kg6 34. Rc2 f5 35. Kh3 Nf6 36. Rf2 Ng4 37. Rf3 Bd6 38. Bg3 Bxg3 39. Kxg3 Kg5 40. Kg2 h5 41. Kh3 h4 42. Kg2 Nf6 43. Nd2 Re7 44. Kh3 Nh5 45. Nf1 Re4 46. Kg2 Rg4+ 47. Kf2 Nf6 48. Nd2 Ne4+ 49. Nxe4+ Rxe4 50. Rh3 Rg4 51. a5 a6 52. Rh1 f4 53. exf4+ Rxf4+ 54. Ke3 Rg4 55. Rc1 h3 56. Kf3 Kh4 57. Re1 Re4 58. Rc1 h2 59. Kg2 Re2+ 60. Kh1 Kg3 61. b5 axb5 62. a6 bxa6 63. Rf1 Re3 64. Rd1 Kf4 1/2-1/2

[Event "HUN-chT2 Breyer 0203"]
[Site "Hungary"]
[Date "2003.01.19"]
[Round "5"]
[White "Sirokmany, Gabor"]
[Black "Werner, Dimo"]
[Result "0-1"]
[WhiteElo "2156"]
[BlackElo "2384"]
[PlyCount "92"]
[EventDate "2002.09.22"]
[EventType "team"]
[EventRounds "11"]
[EventCountry "HUN"]
[SourceTitle "EXT 2009"]
[Source "ChessBase"]
[SourceDate "2008.11.26"]
[SourceVersion "1"]
[SourceVersionDate "2008.11.26"]
[SourceQuality "1"]

1. e4 Nf6 2. e5 Nd5 3. d4 c6 4. Nf3 d6 5. Be2 Bg4 6. 0-0 Bxf3 7. Bxf3 dxe5 8. dxe5 e6 9. Qe2 Nd7 10. c4 Ne7 11. b3 Ng6 12. Bb2 Qc7 13. Re1 Bb4 14. Nd2 Ndxe5 15. Rad1 0-0-0 16. Bxe5 Nxe5 17. Qxe5 Bxd2 18. Qxc7+ Kxc7 19. Rf1 Kb6 20. Rb1 Bb4 21. Rfd1 Kc5 22. Kf1 f5 23. g4 g6 24. Be2 Bd2 25. a3 a5 26. Rb2 Bc3 27. b4+ Kb6 28. bxa5+ Kc7 29. Rb3 Rxd1+ 30. Bxd1 Bxa5 31. Rd3 Bb6 32. h3 Rf8 33. Rf3 Rd8 34. Ke2 Rd4 35. gxf5 gxf5 36. Bb3 Kd6 37. Rg3 Re4+ 38. Kd3 Bxf2 39. Rg7 Re3+ 40. Kc2 Rxh3 41. Rxb7 Bd4 42. Kd2 e5 43. Bc2 e4 44. Rf7 Rh2+ 45. Kd1 Ke6 46. Rf8 e3 0-1

[Event "HUN-chT2 Breyer 0203"]
[Site "Hungary"]
[Date "2002.11.24"]
[Round "3"]
[White "Sirokmany, Gabor"]
[Black "Ritter, Gabor"]
[Result "0-1"]
[WhiteElo "2156"]
[BlackElo "2159"]
[PlyCount "72"]
[EventDate "2002.09.22"]
[EventType "team"]
[EventRounds "11"]
[EventCountry "HUN"]
[SourceTitle "EXT 2009"]
[Source "ChessBase"]
[SourceDate "2008.11.26"]
[SourceVersion "1"]
[SourceVersionDate "2008.11.26"]
[SourceQuality "1"]

1. b4 d5 2. Bb2 e6 3. Nf3 Nf6 4. a3 b6 5. e3 Bb7 6. c4 Nbd7 7. Nc3 Be7 8. Be2 0-0 9. 0-0 c5 10. b5 Qc7 11. Rc1 Rac8 12. d3 Rfd8 13. Qc2 Qb8 14. e4 Bd6 15. g3 dxc4 16. dxc4 Qa8 17. Nd2 Be5 18. f3 Bd4+ 19. Kg2 Ne5 20. Rce1 Rd7 21. Nb3 Rcd8 22. a4 a5 23. h3 h5 24. Kh2 h4 25. gxh4 Ng6 26. Bc1 Qb8+ 27. f4 Bxc3 28. Qxc3 Nxe4 29. Qe3 Nxh4 30. Rd1 Nf5 31. Qg1 Neg3 32. Rxd7 Nxf1+ 33. Bxf1 Rxd7 34. Qg4 Ba8 35. Bg2 Bxg2 36. Kxg2 Qb7+ 0-1

[Event "HUN-chT2 Breyer 0203"]
[Site "Hungary"]
[Date "2002.10.13"]
[Round "2"]
[White "Bereczki, Janos"]
[Black "Sirokmany, Gabor"]
[Result "1/2-1/2"]
[WhiteElo "2149"]
[BlackElo "2156"]
[PlyCount "141"]
[EventDate "2002.09.22"]
[EventType "team"]
[EventRounds "11"]
[EventCountry "HUN"]
[SourceTitle "EXT 2009"]
[Source "ChessBase"]
[SourceDate "2008.11.26"]
[SourceVersion "1"]
[SourceVersionDate "2008.11.26"]
[SourceQuality "1"]

1. d4 Nf6 2. Nf3 g6 3. g3 Bg7 4. Bg2 0-0 5. 0-0 c5 6. c3 d5 7. Bf4 e6 8. Nbd2 Nbd7 9. Bd6 Re8 10. dxc5 b6 11. cxb6 Qxb6 12. Ba3 a5 13. e3 Ba6 14. Re1 Rad8 15. h3 h6 16. Qb3 Qc7 17. Qa4 Ra8 18. e4 Nb6 19. Qxa5 Bd3 20. Qc5 Qb7 21. exd5 Nfxd5 22. Ne5 Rec8 23. Qd4 Bb5 24. Ne4 Rd8 25. Nd6 Qa6 26. Qc5 Bxe5 27. Rxe5 Nc4 28. Nxc4 Bxc4 29. Bb4 Rac8 30. Qa5 Nxb4 31. Qxb4 Rb8 32. Qe7 Re8 33. Qh4 Kg7 34. b3 Bxb3 35. Qd4 f6 36. Ree1 Rbd8 37. Qb4 Bc4 38. a4 Kf7 39. Qc5 Re7 40. Qe3 Kg7 41. Qc5 Rdd7 42. Qe3 Bd5 43. Bxd5 Rxd5 44. Qe4 Re5 45. Qc2 Rd5 46. c4 Rc5 47. Rac1 Qa5 48. h4 e5 49. Rcd1 Rec7 50. h5 gxh5 51. Re4 Qa6 52. Rh4 Qe6 53. Rc1 f5 54. Qb2 Kf7 55. Rxh5 Kg6 56. Rh4 e4 57. Qh8 Rh7 58. Qf8 Rc8 59. Qa3 Rxc4 60. Rxc4 Qxc4 61. Qd6+ Kf7 62. Rf4 Qe6 63. Qd1 h5 64. a5 h4 65. Rxh4 Rxh4 66. gxh4 Qg6+ 67. Kh2 Qf6 68. Qd7+ Kf8 69. Kh3 Qc3+ 70. Kh2 Qxa5 71. Qd6+ 1/2-1/2

[Event "HUN-chT3 0102"]
[Site "Hungary"]
[Date "2002.04.07"]
[Round "10"]
[White "Fazekas, Marton"]
[Black "Sirokmany, Gabor"]
[Result "0-1"]
[WhiteElo "2147"]
[BlackElo "2156"]
[PlyCount "28"]
[EventDate "2001.09.30"]
[EventType "team"]
[EventRounds "11"]
[EventCountry "HUN"]
[SourceTitle "EXT 2004"]
[Source "ChessBase"]
[SourceDate "2003.11.25"]
[SourceVersion "1"]
[SourceVersionDate "2003.11.25"]
[SourceQuality "1"]

1. e4 e6 2. d4 d5 3. Nd2 Nf6 4. e5 Nfd7 5. f4 c5 6. c3 Nc6 7. Ngf3 Qb6 8. Qb3 Qc7 9. Be2 Be7 10. 0-0 0-0 11. Kh1 f6 12. Nb1 cxd4 13. cxd4 fxe5 14. fxe5 Nxd4 0-1

[Event "HUN-chT3 0102"]
[Site "Hungary"]
[Date "2001.09.30"]
[Round "1.1"]
[White "Berza, Stefan"]
[Black "Sirokmany, Gabor"]
[Result "1/2-1/2"]
[WhiteElo "2119"]
[BlackElo "2156"]
[PlyCount "67"]
[EventDate "2001.09.30"]
[EventType "team"]
[EventRounds "11"]
[EventCountry "HUN"]
[SourceTitle "EXT 2004"]
[Source "ChessBase"]
[SourceDate "2003.11.25"]
[SourceVersion "1"]
[SourceVersionDate "2003.11.25"]
[SourceQuality "1"]

1. e4 e6 2. d4 d5 3. e5 c5 4. c3 Qb6 5. Bd3 Nc6 6. Nf3 cxd4 7. cxd4 Bd7 8. 0-0 Nxd4 9. Nxd4 Qxd4 10. Nc3 a6 11. Qe2 Rc8 12. Rd1 Bc5 13. Kh1 Ne7 14. f4 Qb4 15. a3 Qb6 16. f5 exf5 17. Bg5 d4 18. Bxe7 dxc3 19. Bd6 Qxb2 20. Qxb2 cxb2 21. Rab1 Bxd6 22. exd6 0-0 23. Rxb2 Rc6 24. Be2 Re8 25. Kg1 b5 26. Bf3 Rc5 27. a4 g5 28. axb5 axb5 29. Ra2 g4 30. Bd5 Be6 31. Bxe6 fxe6 32. Ra7 Rd5 33. Rc1 Rxd6 34. Rcc7 1/2-1/2

[Event "Budapest FS09 Elo"]
[Site "Budapest"]
[Date "1999.??.??"]
[Round "6"]
[White "Banhazi, Istvan"]
[Black "Sirokmany, Gabor"]
[Result "1/2-1/2"]
[WhiteElo "2105"]
[BlackElo "2155"]
[PlyCount "65"]
[EventDate "1999.??.??"]
[EventType "tourn"]
[EventRounds "9"]
[EventCountry "HUN"]
[SourceTitle "EXT 2000"]
[Source "ChessBase"]
[SourceDate "1999.11.16"]
[SourceVersion "1"]
[SourceVersionDate "1999.11.16"]
[SourceQuality "1"]

1. d4 Nf6 2. c4 c5 3. d5 d6 4. Nc3 g6 5. e4 Bg7 6. Bd3 0-0 7. Nge2 e6 8. 0-0 exd5 9. cxd5 a6 10. a4 Qc7 11. Kh1 Nbd7 12. f4 c4 13. Bc2 Nc5 14. h3 Re8 15. Ng3 Rb8 16. Qf3 Nfd7 17. e5 b5 18. axb5 axb5 19. exd6 Qxd6 20. f5 Rf8 21. Bf4 Ne5 22. Qe3 Ncd7 23. Bh6 Qb6 24. Qf4 f6 25. fxg6 hxg6 26. Bxg7 Kxg7 27. b4 cxb3 28. Bxb3 Nd3 29. Qd2 N7e5 30. Bc2 Nc5 31. Rab1 Ba6 32. Rb4 Rh8 33. Nge2 1/2-1/2

[Event "Budapest FS09 Elo"]
[Site "Budapest"]
[Date "1999.??.??"]
[Round "5"]
[White "Sirokmany, Gabor"]
[Black "Berczes, Csaba"]
[Result "1/2-1/2"]
[WhiteElo "2155"]
[BlackElo "2115"]
[PlyCount "97"]
[EventDate "1999.??.??"]
[EventType "tourn"]
[EventRounds "9"]
[EventCountry "HUN"]
[SourceTitle "EXT 2000"]
[Source "ChessBase"]
[SourceDate "1999.11.16"]
[SourceVersion "1"]
[SourceVersionDate "1999.11.16"]
[SourceQuality "1"]

1. e4 c5 2. Nf3 e6 3. d4 cxd4 4. Nxd4 Nf6 5. Nc3 d6 6. Be2 Be7 7. 0-0 0-0 8. Be3 a6 9. f4 Qc7 10. a4 b6 11. Bf3 Bb7 12. g4 Rd8 13. g5 Ne8 14. Bg2 Nd7 15. Qg4 Nc5 16. f5 e5 17. Nde2 f6 18. h4 Nd7 19. Ng3 b5 20. Rac1 b4 21. Nd5 Bxd5 22. exd5 Rdc8 23. b3 Qb7 24. Ne4 Bd8 25. Kh2 Bb6 26. Bd2 Bd4 27. h5 Bc3 28. Bxc3 bxc3 29. h6 fxg5 30. f6 Ndxf6 31. Nxf6+ gxf6 32. Rxf6 Qe7 33. Re6 Qd8 34. Rf1 Nc7 35. Ref6 Kh8 36. Qxg5 Qg8 37. Qf5 Nxd5 38. Bxd5 Qxd5 39. Rf2 Qg8 40. Rf7 Qg6 41. Qxg6 hxg6 42. R2f6 d5 43. Rxg6 Rg8 44. Rxg8+ Rxg8 45. Rd7 d4 46. Rd5 Rg5 47. b4 Kh7 48. b5 axb5 49. axb5 1/2-1/2

[Event "Tapolca op"]
[Site "Budapest"]
[Date "1997.??.??"]
[Round "9"]
[White "Honsch, Pal"]
[Black "Sirokmany, Gabor"]
[Result "0-1"]
[WhiteElo "2080"]
[BlackElo "2250"]
[PlyCount "64"]
[EventDate "1997.??.??"]
[EventType "swiss"]
[EventRounds "9"]
[EventCountry "HUN"]
[SourceTitle "EXT 2002"]
[Source "ChessBase"]
[SourceDate "2001.11.25"]
[SourceVersion "1"]
[SourceVersionDate "2001.11.25"]
[SourceQuality "1"]

1. e4 c5 2. Nf3 d6 3. d4 cxd4 4. Nxd4 Nf6 5. Nc3 a6 6. Be2 e5 7. Nb3 Be6 8. 0-0 Nbd7 9. f4 Qc7 10. Kh1 b5 11. Be3 Nb6 12. f5 Bc4 13. Bd3 d5 14. Bxb6 Qxb6 15. exd5 Bd6 16. Qe2 Rc8 17. Bxc4 Rxc4 18. Nd2 Rb4 19. Nb3 0-0 20. a3 Rh4 21. g3 Rc4 22. Nd2 Rc5 23. Nde4 Nxe4 24. Qxe4 Rc4 25. Qf3 Rfc8 26. f6 g6 27. Ne4 Rxc2 28. Qg4 Qc7 29. Ng5 Qc5 30. Qh4 Qxd5+ 31. Rf3 h5 32. Raf1 Rxb2 0-1